000 01490nam a22003017a 4500
005 20081105102017.0
008 081105t xxu||||| |||| 00| 0 hin d
010 _aHIN-84659
020 _c350.00
_a8174874208
035 _aHN-57005
037 _bDBAD / PUB
040 _aDPL
_bHN
082 _a305.420954
100 _aशर्मा, रानू
245 _aलक्ष्य से दूर ग्रामीण नारी /
_cरानू शर्मा
246 _aLakshya se door gramin nari
_bby Ranu Sharma
260 _aनई दिल्ली
_bराधा पब्लिकेशन्स
_c2007
270 _a4231/1, अंसारी रोड, दरियागंज
_bनई दिल्ली
_e110002
_k23247003, 23254306
_mradhapubnitin@yahoo.com
300 _a200पृ
_c22सेमी (सजिल्द)
650 _aमहिला कृषक
650 _aWomen farmers
650 _aमहिलायें विकास की ओर
_zभारत
650 _aWomen in development
_zIndia
650 _aमहिलायें
_xसामाजिक स्थिति
_zभारत
650 _aWomen
_xSocial conditions
_zIndia
942 _2ddc
_cHN
_mशर्मारा
_h305.420954
999 _c18026
_d18026